000 00782nam a22002297a 4500
999 _c14738
_d14738
003 AR-CdUCM
008 190415b ||||| |||| 00| 0 spa d
020 _a978-9972-59-550-9
040 _aMUNICIPALIDAD PROVINCIAL DEL CUSCO
_cBIBLIOTECA MUNICIPAL DEL CUSCO
082 _aEP / 803 /
_bD95
100 _aDrazenovic, Tomy
_931786
245 _aJames Cook :
_bEscape de la isla infernal /
260 _aLima :
_bCorporación gráfica Navarrete S.A.,
_c2014.
300 _a47 páginas ;
_c21 cm.
440 _aPiratas y navegantes.
_n2
_933614
505 _aContenido :James Cook, escape de la isla infernal .
650 _aHistorietas infantiles
_931778
650 _aCuentos
_9217
700 _aAyala, Gabriel y Mateo.
_931779
942 _2ddc
_cLIBROS
945 _arum
_d2019-04-24